000 00242nam a2200109Ia 4500
005 20251222114342.0
008 251222s1900||||xx |||||||||||||| ||spa||
082 _aDVD0070/C97/1942
245 0 _aCasablanca
264 _bWarner Bros.
942 _cDVD
999 _c896
_d896